000
00304nam a22001097a 4500
082
_a
669.01 WUL'M
100
_a
TAYLOR, HOWARD F,SHALER, AMOS J,WULFF, JOHN
_9
58352
245
_a
METALLURGY FOR ENGINEERS CASTING WELDING AND WORKING
260
_a
NEWYORK
_b
JOHN WILEY
_c
1952
300
_a
624P
942
_c
BK
999
_c
568545
_d
568545